Geometría descriptiva / (Record no. 131414)

MARC details
000 -LEADER
campo de control de longitud fija 00779nam a2200193 i 4500
001 - NÚMERO DE CONTROL
campo de control 131414
003 - IDENTIFICADOR DE NÚMERO DE CONTROL
campo de control ES-MaACL
005 - FECHA Y HORA DE LA ÚLTIMA TRANSACCIÓN
campo de control 20230906193957.0
007 - CAMPO FIJO DE DESCRIPCIÓN FÍSICA--INFORMACIÓN GENERAL
campo de control de longitud fija t|
008 - DATOS DE LONGITUD FIJA--INFORMACIÓN GENERAL
campo de control de longitud fija 070214m19661975sp r ||||1| spa d
100 1# - ENTRADA PRINCIPAL--NOMBRE DE PERSONA
Nombre de persona Rodríguez de Abajo, F. Javier.
9 (RLIN) 98435
245 10 - MENCIÓN DEL TÍTULO
Título Geometría descriptiva /
Mención de responsabilidad, etc. F. Javier Rodríguez de Abajo, Antonino García Cordera.
260 ## - PUBLICACIÓN, DISTRIBUCIÓN, ETC.
Lugar de publicación, distribución, etc. San Sebastián :
Nombre del editor, distribuidor, etc. Ed. Donostiarra,
Fecha de publicación, distribución, etc. 1966-1975.
300 ## - DESCRIPCIÓN FÍSICA
Extensión 5 v. ;
Dimensiones 24 cm.
505 8# - NOTA DE CONTENIDO CON FORMATO
Nota de contenido con formato Contiene: Tomo I. Sistema diédrico. Tomo II. Sistema de planos acotados. Tomo III. Sistema axonométrico. Tomo IV. Sistema de perspectiva caballera. Tomo V. Sistema cónico
650 #4 - PUNTO DE ACCESO ADICIONAL DE MATERIA--TÉRMINO DE MATERIA
Término de materia o nombre geográfico como elemento de entrada Geometría descriptiva.
9 (RLIN) 136182
700 1# - ENTRADA AGREGADA--NOMBRE PERSONAL
Nombre de persona García Cordera, Antonino.
9 (RLIN) 54382
852 ## - LOCALIZACIÓN
Ubicación ES-MaACL
Número de control de estantería L-2200-4
Sublocalización o colección R.91401
Holdings
Estatus retirado Estado de pérdida Estado de daño No para préstamo Biblioteca de origen Biblioteca actual Ubicación en estantería Fecha de adquisición Fuente de adquisición Total de préstamos Signatura topográfica completa Código de barras Visto por última vez Precio de reemplazo Tipo de ítem Koha
        Biblioteca del Ateneo de Madrid Biblioteca del Ateneo de Madrid Depósito 2 17/01/2008     L-2200-4 1136811 23/02/2023 23/02/2023 Libro impreso